| 000 | 00601nam a2200229 a 4500 | ||
|---|---|---|---|
| 005 | 20210219153428.0 | ||
| 008 | 991125n 000 0 u | ||
| 035 | _aUPN01000098436 | ||
| 100 | 1 | _aWirth, Bond Susan | |
| 222 | _aSCHOOL COUNSELOR | ||
| 245 | _aA school counseling program that reduces dropout rate | ||
| 300 | _a131-137 | ||
| 362 | 0 | _a1991 Vol. 39, no. 2 | |
| 653 | 0 | _aASESORAMIENTO ESCOLAR | |
| 653 | 0 | _aPREVENCION DE LA DESERCION | |
| 700 | 1 | _aCoyne, Ann, | |
| 700 | 1 | _ecoaut. | |
| 700 | 1 | _aAdams, Mary, | |
| 700 | 1 | _ecoaut. | |
| 904 |
_aAC _b036247 |
||
| 905 | _aArticulo | ||
| 999 |
_c76571 _d76571 |
||